|
|
|
|
| LEADER |
02207nam a2200361 a 4500 |
| 001 |
14549575 |
| 003 |
BD-DhAAL |
| 008 |
100318r20062008enka b 001 0 eng d |
| 010 |
|
|
|a \\2006282650
|
| 020 |
|
|
|a 9780198700722 (acid-free paper)
|
| 020 |
|
|
|a 0198700725 (acid-free paper)
|
| 020 |
|
|
|a 9780195685220
|
| 020 |
|
|
|a 0195685229
|
| 040 |
|
|
|a DLC
|c DLC
|d DLC
|d BD-DhAAL
|
| 082 |
0 |
0 |
|a 541
|2 22
|
| 100 |
1 |
|
|a Atkins, P. W.
|q (Peter William),
|d 1940-
|9 59244
|
| 245 |
1 |
0 |
|a Atkins' Physical chemistry /
|c Peter Atkins, Julio de Paula.
|
| 246 |
3 |
0 |
|a Physical chemistry
|
| 250 |
|
|
|a Eighth edition.
|
| 260 |
|
|
|a Oxford ;
|a New York :
|b Oxford University Press,
|c 2006 [reprinted 2008].
|
| 300 |
|
|
|a xxx, 1064 pages :
|b col. ill. ;
|c 28 cm.
|
| 504 |
|
|
|a Includes index.
|
| 526 |
|
|
|x Mustak Ibn Ayub
Department of Mathematics and Natural Sciences
Course name and no. "not available"
|
| 541 |
1 |
|
|a Parash Publishers
|e 00018846
|
| 650 |
|
0 |
|a Chemistry, physical and theoretical
|v Textbooks.
|9 59245
|
| 700 |
1 |
|
|a De Paula, Julio.
|9 59246
|
| 852 |
4 |
|
|a Ayesha Abed Library
|j General Shelf
|
| 942 |
|
|
|2 ddc
|c BK
|
| 999 |
|
|
|c 7795
|d 7795
|
| 952 |
|
|
|0 0
|1 0
|2 ddc
|4 0
|6 541_ATK_200800000000000
|7 0
|9 8639
|a BRACUL
|b BRACUL
|c GEN
|d 2010-03-18
|e Parash Publishers
|g 874.00
|l 7
|m 57
|o 541 ATK
|p 3010018846
|r 2024-12-10
|s 2024-12-03
|t 1
|w 2010-03-18
|y BK
|x Requisitioned by Mustak Ibn Ayub, Department of Mathematics and Natural Sciences, Course name and no. "not available"
|
| 952 |
|
|
|0 0
|1 0
|2 ddc
|4 0
|6 541_ATK_200800000000000
|7 0
|9 12757
|a BRACUL
|b BRACUL
|c GEN
|d 2010-10-26
|e Parash Publishers
|g 874.00
|l 8
|m 25
|o 541 ATK
|p 3010018844
|r 2023-10-16
|s 2023-10-04
|t 2
|w 2010-10-26
|y BK
|x Requisitioned by Mustak Ibn Ayub, Department of Mathematics and Natural Sciences, Course name and no. "not available"
|
| 952 |
|
|
|0 0
|1 0
|2 ddc
|4 0
|6 541_ATK_200800000000000
|7 0
|9 12758
|a BRACUL
|b BRACUL
|c GEN
|d 2010-10-26
|g 874.00
|l 3
|m 2
|o 541 ATK
|p 3010018845
|r 2024-03-14
|s 2024-02-24
|t 3
|w 2010-10-26
|y BK
|x Requisitioned by Mustak Ibn Ayub, Department of Mathematics and Natural Sciences, Course name and no. "not available"
|
| 952 |
|
|
|0 0
|1 0
|2 ddc
|4 0
|6 541_ATK_200800000000000
|7 0
|9 16003
|a BRACUL
|b BRACUL
|c GEN
|d 2011-04-06
|l 9
|m 71
|o 541 ATK
|p 3010022371
|r 2024-05-14
|s 2024-01-20
|t 4
|w 2011-04-06
|y BK
|